Steven Universe - Both of You - Lyrics Quiz - Statistics

General Stats
  • This quiz has been taken 24 times
  • The average score is 141 of 169
Answer Stats
Character Lyrics % Correct
both
100%
you.
100%
of
100%
you
100%
You
100%
you.
100%
a
93%
I
93%
Steven Universe Why
93%
why.
93%
about
87%
and
87%
do.
87%
don't
87%
each
87%
it
87%
it.
87%
know
87%
love
87%
me
87%
other?
87%
Rose
87%
Rose.
87%
Greg Univese and Pearl | Pearl She
87%
she
87%
talk
87%
to
87%
what
87%
always
80%
but
80%
Greg Universe But
80%
did
80%
give
80%
happened
80%
hate
80%
in
80%
Just
80%
try.
80%
trying
80%
wanted.
80%
was?
80%
with
80%
you're
80%
avoid
73%
common,
73%
fell
73%
if
73%
lot
73%
might
73%
really
73%
too.
73%
Greg Universe Well,
73%
were
73%
believe
67%
got
67%
I'd
67%
knew
67%
need
67%
not
67%
problem.
67%
Pearl That
67%
the
67%
Greg Universe Then
67%
wasn't
67%
going
60%
stayed
60%
through.
60%
anyway.
53%
felt
53%
how
53%
knows
47%
Someone
47%
who
47%
Greg Universe Look,
27%
No matching quizzes found
Score Distribution
Percent of People with Each Score
Percentile by Number Answered
Your Score History
You have not taken this quiz